| 000 -LEADER |
| fixed length control field |
00358nam a22000977a 4500 |
| 008 - FIXED-LENGTH DATA ELEMENTS--GENERAL INFORMATION |
| fixed length control field |
160319b xxu||||| |||| 00| 0 eng d |
| 100 ## - MAIN ENTRY--AUTHOR'S NAME |
| Author's Name |
Erler, Martin |
| 245 ## - TITLE STATEMENT |
| Title |
Katalog der Stempelmarken von Deutschland Vol 17 Freight Stamps, Newspaper |
| Remainder of title |
Freight, newspaper seat reservation and Tax substitute |
| 260 ## - PUBLICATION, DISTRIBUTION, ETC. (IMPRINT) |
| Place of publication, distribution, etc. |
Icking, Germany |
| Name of publisher, distributor, etc. |
ORA Verlag |
| Date of publication, distribution, etc. |
1999 |
| 650 ## - TOPICAL TERM (Tag) |
| Topical term or geographic name |
revenues |